01108nam a2200217 a 450000100100000000500170001000800410002702000180006804000250008608200150011111000510012624501570017724600800033426000440041430000270045859000280048595201280051395201130064195201190075499900170087300004838120201002061119.0190218s2018 dr a r 000 0 spa d a9789945585421 aDO-SdBNPbspacBNPHU axxxbR426g1 aRepública Dominicana.bPoder Judicial91599210aGuía para centros de entrevistas para personas en condiciones de vulnerabilidad, víctimas o testigos de Delitos /cCoordinación Flabis Gónzalez.1 aDirección de Familia, Niñez, Adolescencia y Género del Poder Judicial aSanto Domingo :bPoder Judicial,c2018. a43 p. :bil. ;c28 cm. aInventariado, 2019 / DG 001054708DSaGRbGRcHDd2019-02-18iLF1l0oxxx R426gp48381-30r2020-06-25te. 3w2020-06-25yLFDSZPréstamo en sala 0010718PDaPDbPDcHDd2019-02-18iLF1l0oxxx R426gp48381-10r2020-06-25w2020-06-25yLFPDZNo se presta 0010718PDaPDbPDcHDd2019-02-18iLF1l0oxxx R426gp48381-20r2020-06-25te. 2w2020-06-25yLFPDZNo se presta c47869d47869